• 首页
  • 本馆介绍
  • 公告通知
  • 最新文献
  • 馆藏检索
  • 电子资源
  • 读者导购
  • 参考咨询
  • 我的图书馆
  • 登录
  • 详细信息显示
  • 放入我的书架
  • 预约/预借图书
  • 作者相关作品
  • 分类相关作品
  • 丛书相关作品
  • 出版社相关作品

书目信息

  • 表格格式
  • 工作单格式
  • 卡片格式
题名:
生态脆弱地区农村慢性贫困研究
    
 
作者: 陈健生 著
分册:  
出版信息: 北京   经济科学出版社  2009.12
页数: 278页
开本: 21cm
丛书名:
单 册:
中图分类: F323.8
科图分类:
主题词: 农村--贫困问题--研究--中国 , 农村 , 贫困问题
电子资源:
ISBN: 978-7-5058-8725-1
000 01023nam0 2200265 450
001 012004414889
005 20130701082442.96
010    @a978-7-5058-8725-1@dCNY28.00
100    @a20100306d2009 em y0chiy0110 ea
101 0  @achi
102    @aCN@b110000
105    @aak z 000yy
106    @ar
200 1  @a生态脆弱地区农村慢性贫困研究@9sheng tai cui ruo di qu nong cun man xing pin kun yan jiu@e基于600个国家扶贫重点县的监测证据@f陈健生著
210    @a北京@c经济科学出版社@d2009.12
215    @a278页@c图@d21cm
330    @a本书内容包括:国外贫困理论的发展与中国农村贫困研究述评、生态脆弱地区慢性贫困:分布与形成、异质人口能力缺失下的慢性贫困、农村扶贫制度转轨:从开发式扶贫转向保障式扶贫、新型农村扶贫制度构建:基本框架与政策保障等。
517 1  @e基于600个国家扶贫重点县的监测证据
606 0  @a农村@x贫困问题@x研究@y中国
606 0  @a农村
606 0  @a贫困问题
690    @aF323.8@v4
701  0 @a陈健生@9chen jian sheng@f(1964~)@4著
801  0 @aCN@bNLC@c20100306
905    @b544899-903@dF323.8@e144@f5
    
    生态脆弱地区农村慢性贫困研究:基于600个国家扶贫重点县的监测证据/陈健生著.-北京:经济科学出版社,2009.12
    278页:图;21cm
    
    
    ISBN 978-7-5058-8725-1:CNY28.00
    本书内容包括:国外贫困理论的发展与中国农村贫困研究述评、生态脆弱地区慢性贫困:分布与形成、异质人口能力缺失下的慢性贫困、农村扶贫制度转轨:从开发式扶贫转向保障式扶贫、新型农村扶贫制度构建:基本框架与政策保障等。
●
相关链接 在E读中查询图书 在五车中查询图书 在当当中查询图书 在豆瓣中查询图书


正题名:生态脆弱地区农村慢性贫困研究     索取号:F323.8/144         预约/预借

序号 登录号 条形码 馆藏地/架位号 状态 备注
1 544899   205448997   第一样本阅览室/ [索取号:F323.8/144] 在馆    
2 544900   205449004   密集书库-资源管理系/ [索取号:F323.8/144] 在馆    
3 544901   205449013   第一借阅区/ [索取号:F323.8/144] 在馆    
4 544902   205449022   第一借阅区/ [索取号:F323.8/144] 在馆    
5 544903   205449031   第一借阅区/ [索取号:F323.8/144] 在馆    
唐山师范学院图书馆 欢迎您!
大连网信软件有限公司© 版权所有